Biblioteca

El desierto en el profeta Oseas (Registro nro. 32103)

Detalles MARC
000 -LÍDER
Campo fijo de descripción fija 02564nam a22002657a 4500
001 - NÚMERO DE CONTROL
Campo de control 593
003 - IDENTIFICADOR DEL NÚMERO DE CONTROL
Campo de control CO-MdFUSB
005 - FECHA Y HORA DE LA ULTIMA TRANSACCIÓN
control field 20171004092020.0
008 - ELEMENTOS DE LONGITUD FIJA -- INFORMACIÓN GENERAL
Campo fijo de descripción fija -- Información general 171004t2006 sp ||||| |||| 00| 0 spa d
020 ## - NÚMERO INTERNACIONAL NORMALIZADO PARA LIBROS
Número Internacional Normalizado del libro 84-8169-370-7
040 ## - FUENTE DE CATALOGACIÓN
Agencia de catalogación original CO-MdFUSB
Idioma de catalogación spa
Agencia que realiza la transcripción CO-MdFUSB
Agencia que realiza la modificación CO-MdFUSBC
Convenciones de la descripción rda
041 ## - CÓDIGO DE IDIOMA
Código de idioma para texto/pista de sonido o título separado spa
082 04 - NÚMERO DE CLASIFICACIÓN DECIMAL DEWEY
Número de clasificación G 224.607 S511d
100 1# - ASIENTO PRINCIPAL--NOMBRE PERSONAL
Nombre personal Sevilla Jiménez, Cristóbal (1962-)
Término relacionador autor
245 #3 - TÍTULO
Título del Material El desierto en el profeta Oseas
Mención de responsabilidad, etc. / Cristóbal Sevilla Jiménez
264 #4 - PRODUCCIÓN, PUBLICACIÓN, DISTRIBUCIÓN, MANUFACTURA, Y COPYRIGHT
Lugar de producción, publicación, distribución, manufactura Estella, Navarra :
Nombre del productor, publicador, distribuidor Verbo Divino,
Fecha de producción, publicación, distribución, manufactura, o copyright ©2006
300 ## - DESCRIPCIÓN FÍSICA
Extensión 285 p.
336 ## - TIPO DE CONTENIDO
Fuente rdacontent
Término de tipo de contenido texto
Código de tipo de contenido txt
337 ## - TIPO DE MEDIO
Fuente rdamedia
Nombre del tipo de medio sin mediación
Código del tipo de medio n
338 ## - TIPO DE SOPORTE
Fuente rdacarrier
Nombre del tipo de soporte volumen
Código Tipo de soporte nc
500 ## - NOTA GENERAL
Nota General Incluye índice de citas bíblicas, índice de palabras y expresiones hebreas e índice de autores
505 00 - NOTA DE CONTENIDO
Nota de contenido con formato preestablecido El método de lectura y análisis de estos textos -- El tratamiento de este tema en estudios anteriores \ I PARTE: Os 2,16-17. Del desierto del profeta al desierto de YHWH -- El profeta y la iniciativa divina en 2,4-25 y en el contexto de los capítulos 1-3 -- La promesa de la viña en el desierto -- La transformación del valle de Akor -- El desierto de YHWH -- La inspiración del desierto y el comienzo de la misión de Oseas -- Del desierto mítico al desierto del éxodo -- El tiempo del éxodo y las etapas de la vida de Israel \ II PARTE: Os 9,10. La crisis de la guerra siroefraimita y el desierto -- YHWH y el profeta en el contexto de 9,10-17 -- Egipto en el contexto del cap. 9 -- La descripción del exilio en 9,6 -- Conclusión: la situación histórica y la imagen del desierto \ III PARTE: Os 11,1-4. Lo que YHWH hizo y todavía puede hacer en el desierto -- El Dios médico -- Los vínculos entre YHWH e Israel -- La imagen del yugo y la alianza -- El desierto y el don de la Ley -- El Dios del éxodo \ IV PARTE: Os 12,10-11. El desierto y los profetas -- La querella de YHWH contra Israel -- YHWH, el profeta, y el pueblo en el contexto del capítulo 12 -- YHWH, el Dios del éxodo -- El desierto y los profetas -- Moisés y los profetas en Os 12,11.14 \ V PARTE: Os 13,4-6. La difícil misericordia de YHWH durante la crisis final de Samaría -- El juicio de YHWH --YHWH conoció a Israel en el desierto -- Un desierto de tierra ardiente -- El viento que se levantará del desierto \ CONCLUSIONES: El discurso de Oseas y el desierto -- El desierto y la crisis de los últimos años del reino de Israel -- La pervivencia del --pensamiento de Oseas -- Jeremías
653 ## - TÉRMINO DE INDIZACIÓN - NO CONTROLADO
Término no controlado Biblia A.T. - Profetas - Comentarios - Desierto
942 ## - TIPO DE MATERIAL (KOHA)
Tipo de Item KOHA Libros General
Existencias
Estado de Material Estado de Perdido Estado de Dañado No para Préstamo Colección Tomo Biblioteca de Origen Biblioteca Permanente Fecha de Adquisición Total de Préstamos Total de Renovaciones Signatura Topográfica Código de Barras Última vez visto Última vez Préstado Ejemplar/Existencia Fecha de Remplazo Tipo de Material
        Colección General   Biblioteca FUSBC Biblioteca FUSBC 07/11/2012 8 8 G 224.607 S511d 17713 31/05/2025 18/05/2022 1 26/01/2016 Libros General

Biblioteca FUSBC | Teléfono: (57+4) 349 88 10 Ext. 141| WhatsApp (+57) 3005338115 
E-mail: biblioteca@unisbc.edu.co | Calle 76 87-14 Robledo Palenque, Medellín, Colombia

Con tecnología Koha